000 00365nam a2200145Ia 4500
008 200103s9999||||xx |||||||||||||| ||und||
020 _a0115510486,
040 _aIMU-MPC
082 _aColumn-10
100 _aHMSO
245 0 _aCode of safe working practices for merchant seamen: consolidated edition 2011
260 _bHMSO
_c1994
300 _a195
942 _cBK
999 _c4485
_d4485